| 000 | 00348nam a22001457a 4500 | ||
|---|---|---|---|
| 020 | _a81-223-0663-2 | ||
| 082 |
_a030 _bHEL/C |
||
| 100 | _aHELICON PUBLISHING | ||
| 245 | _aCONCISE DICTIONARY OF ENGLISH USAGE | ||
| 250 | _aSECOND EDITION | ||
| 260 |
_aBANGALAORE _bPUSTAK MAHAL _c2001 |
||
| 300 | _a178 | ||
| 650 |
_aDICTIONARY _zINDIA |
||
| 942 | _cBK | ||
| 999 |
_c1756 _d1756 |
||